[Event "Glorney Gilbert International 2017 - Glorney"]
[Site "Daventry, England"]
[Date "2017.07.24"]
[Round "2.9"]
[White "Cocks, Elliot"]
[Black "D'costa, Leston"]
[Result "1-0"]
[BlackElo "1689"]
[WhiteElo "2036"]
[LiveChessVersion "1.4.6"]

1. d4 {[%clk 1:30:56]} f5 {[%clk 1:30:57]} 2. Bg5 {[%clk 1:31:12]} d5
{[%clk 1:30:56]} 3. c4 {[%clk 1:31:15]} c6 {[%clk 1:30:53]} 4. e3
{[%clk 1:31:09]} Nf6 {[%clk 1:30:59]} 5. Bxf6 {[%clk 1:31:33]} exf6
{[%clk 1:31:26]} 6. Nc3 {[%clk 1:31:56]} Be6 {[%clk 1:31:01]} 7. Qb3
{[%clk 1:30:53]} b6 {[%clk 1:24:58]} 8. cxd5 {[%clk 1:31:00]} cxd5
{[%clk 1:15:50]} 9. Bb5+ {[%clk 1:29:50]} Kf7 {[%clk 1:14:43]} 10. Nge2
{[%clk 1:29:41]} a6 {[%clk 0:53:22]} 11. Bd3 {[%clk 1:29:48]} Bd6
{[%clk 0:50:30]} 12. Nxd5 {[%clk 1:24:00]} Nc6 {[%clk 0:48:13]} 13. Nec3
{[%clk 1:22:44]} Nb4 {[%clk 0:43:08]} 14. Bxf5 {[%clk 1:21:17]} Bxf5
{[%clk 0:35:44]} 15. Nxb4+ {[%clk 1:20:32]} Be6 {[%clk 0:35:16]} 16. d5
{[%clk 1:20:43]} Bf5 {[%clk 0:34:11]} 17. Nc6 {[%clk 1:19:55]} Qc7
{[%clk 0:33:46]} 18. h3 Rhc8 {[%clk 0:32:03]} 19. O-O {[%clk 1:17:12]} g5
{[%clk 0:30:32]} 20. Nd4 {[%clk 1:17:14]} Qd7 {[%clk 0:29:53]} 21. Nxf5
{[%clk 1:12:51]} Qxf5 {[%clk 0:30:19]} 22. Qxb6 {[%clk 1:12:01]} Rd8
{[%clk 0:29:37]} 23. Qd4 {[%clk 1:06:50]} h5 24. e4 {[%clk 1:05:09]} Qd7
{[%clk 0:27:57]} 25. Qd1 {[%clk 1:00:29]} g4 {[%clk 0:26:23]} 26. g3
{[%clk 1:00:03]} f5 {[%clk 0:18:16]} 27. Re1 {[%clk 0:59:01]} Be5
{[%clk 0:13:12]} 28. Qd3 {[%clk 0:57:53]} f4 {[%clk 0:13:12]} 29. h4
{[%clk 0:55:36]} f3 30. Nd1 {[%clk 0:55:36]} Qd6 {[%clk 0:09:55]} 31. Ne3
{[%clk 0:52:42]} Bxg3 {[%clk 0:04:05]} 32. Nf5 {[%clk 0:50:41]} Bxf2+ 33. Kxf2
{[%clk 0:41:23]} Qf4 {[%clk 0:01:10]} 34. Ng3 {[%clk 0:41:34]} Rab8 35. b3
{[%clk 0:41:18]} Rbc8 {[%clk 0:00:53]} 36. Rad1 {[%clk 0:41:25]} Rc5
{[%clk 0:00:45]} 37. Rd2 {[%clk 0:40:59]} Rdc8 {[%clk 0:01:00]} 38. Qe3
{[%clk 0:40:26]} Qf6 {[%clk 0:01:21]} 39. Qg5 {[%clk 0:39:55]} Qb6
{[%clk 0:00:53]} 40. Qxh5+ {[%clk 0:40:01]} Ke7 {[%clk 0:00:46]} 41. Nf5+ Kd7
{[%clk 0:00:36]} 42. Qf7+ {[%clk 0:40:38]} Kd8 {[%clk 0:00:45]} 43. Qe7# 1-0

[Event "Glorney Gilbert International 2017 - Glorney"]
[Site "Daventry, England"]
[Date "2017.07.24"]
[Round "2.10"]
[White "Bond, Alexander"]
[Black "Forster, Matthew"]
[Result "1/2-1/2"]
[BlackElo "1982"]
[WhiteElo "1831"]
[LiveChessVersion "1.4.6"]

1. d4 {[%clk 1:30:58]} g6 {[%clk 1:30:35]} 2. c4 {[%clk 1:31:22]} Bg7
{[%clk 1:29:37]} 3. Nf3 {[%clk 1:31:12]} c5 {[%clk 1:29:26]} 4. d5
{[%clk 1:29:30]} d6 {[%clk 1:28:53]} 5. Qc2 {[%clk 1:27:00]} Bf5 {[%clk 1:29:01]}
6. e4 {[%clk 1:26:55]} Bg4 {[%clk 1:29:10]} 7. Be2 {[%clk 1:26:16]} Nf6
{[%clk 1:29:11]} 8. Nc3 {[%clk 1:26:04]} Na6 {[%clk 1:28:33]} 9. a3
{[%clk 1:23:39]} Nc7 {[%clk 1:28:25]} 10. O-O {[%clk 1:21:56]} a6
{[%clk 1:27:28]} 11. e5 {[%clk 1:10:11]} dxe5 {[%clk 1:19:34]} 12. Nxe5
{[%clk 1:10:11]} Bxe2 {[%clk 1:17:04]} 13. Qxe2 {[%clk 1:10:13]} O-O
{[%clk 1:16:42]} 14. Bg5 {[%clk 1:04:46]} Qd6 {[%clk 1:13:40]} 15. Rfe1
{[%clk 1:03:18]} b5 {[%clk 1:10:37]} 16. cxb5 {[%clk 0:59:48]} Nfxd5
{[%clk 1:08:31]} 17. Nxd5 {[%clk 0:58:43]} Nxd5 {[%clk 1:02:14]} 18. Nc4
{[%clk 0:50:29]} Qc7 {[%clk 1:00:26]} 19. bxa6 {[%clk 0:49:20]} Rxa6
{[%clk 0:57:54]} 20. Rad1 {[%clk 0:38:22]} e6 {[%clk 0:55:23]} 21. Rd2
{[%clk 0:27:35]} h6 22. Bh4 Qb7 {[%clk 0:34:32]} 23. Bg3 {[%clk 0:24:36]} Rd8
{[%clk 0:25:41]} 24. Red1 {[%clk 0:16:48]} Qb5 {[%clk 0:19:29]} 25. Be5
{[%clk 0:11:10]} Rd7 {[%clk 0:14:19]} 26. Bxg7 {[%clk 0:06:46]} Kxg7
{[%clk 0:14:39]} 27. Ne3 {[%clk 0:06:25]} Qxe2 {[%clk 0:12:16]} 28. Rxe2
{[%clk 0:06:50]} Rb6 {[%clk 0:11:00]} 29. g3 1/2-1/2

[Event "Glorney Gilbert International 2017 - Glorney"]
[Site "Daventry, England"]
[Date "2017.07.24"]
[Round "2.11"]
[White "O'gorman, Alice"]
[Black "Thomas, Ben"]
[Result "1-0"]
[BlackElo "1963"]
[WhiteElo "1950"]
[LiveChessVersion "1.4.6"]

1. e4 {[%clk 1:30:58]} e5 {[%clk 1:30:13]} 2. Nf3 {[%clk 1:31:22]} Nc6
{[%clk 1:30:31]} 3. Bc4 {[%clk 1:31:45]} Nf6 {[%clk 1:29:59]} 4. d3
{[%clk 1:32:06]} Be7 {[%clk 1:29:13]} 5. O-O {[%clk 1:32:18]} O-O
{[%clk 1:28:40]} 6. c3 {[%clk 1:32:18]} d6 {[%clk 1:28:09]} 7. Nbd2
{[%clk 1:32:17]} Bg4 {[%clk 1:19:24]} 8. Bb3 {[%clk 1:31:43]} Qd7
{[%clk 1:17:09]} 9. Re1 {[%clk 1:30:48]} Rae8 {[%clk 1:10:21]} 10. Nf1
{[%clk 1:29:14]} Kh8 {[%clk 1:03:56]} 11. h3 {[%clk 1:26:42]} Bh5
{[%clk 1:03:35]} 12. Ng3 {[%clk 1:25:45]} Bg6 {[%clk 1:02:48]} 13. Nh4
{[%clk 1:22:12]} Na5 {[%clk 0:59:08]} 14. Bc2 {[%clk 1:21:06]} Ng8
{[%clk 0:57:21]} 15. Nhf5 {[%clk 1:16:25]} Qd8 {[%clk 0:49:21]} 16. d4
{[%clk 1:11:36]} Bh4 {[%clk 0:44:00]} 17. Qg4 {[%clk 0:53:50]} Bxg3
{[%clk 0:41:59]} 18. Nxg3 {[%clk 0:53:32]} exd4 {[%clk 0:31:26]} 19. cxd4
{[%clk 0:53:10]} f5 {[%clk 0:29:16]} 20. Qg5 {[%clk 0:44:50]} Qxg5
{[%clk 0:25:02]} 21. Bxg5 {[%clk 0:45:13]} f4 {[%clk 0:24:20]} 22. Nf1
{[%clk 0:39:01]} h6 {[%clk 0:20:53]} 23. Bh4 {[%clk 0:38:30]} Nc6
{[%clk 0:20:18]} 24. Rad1 {[%clk 0:33:12]} Bf7 {[%clk 0:16:23]} 25. f3
{[%clk 0:32:50]} Bxa2 {[%clk 0:13:10]} 26. Ba4 {[%clk 0:31:09]} Rb8
{[%clk 0:12:10]} 27. Ra1 {[%clk 0:27:39]} Nb4 {[%clk 0:09:19]} 28. Rec1
{[%clk 0:22:34]} Rf7 {[%clk 0:05:39]} 29. d5 {[%clk 0:15:43]} b5 {[%clk 0:05:01]}
30. Bd1 {[%clk 0:11:01]} Nd3 {[%clk 0:04:07]} 31. Rc2 {[%clk 0:09:41]} Bb3
{[%clk 0:04:15]} 32. Rc3 {[%clk 0:08:20]} Bxd1 {[%clk 0:03:46]} 33. Rxd3
{[%clk 0:08:32]} Be2 {[%clk 0:03:22]} 34. Rda3 {[%clk 0:08:00]} Ne7
{[%clk 0:03:05]} 35. Rxa7 {[%clk 0:07:06]} Ng6 {[%clk 0:02:58]} 36. Be1
{[%clk 0:06:17]} Ne5 {[%clk 0:02:50]} 37. b3 {[%clk 0:04:34]} Rc8
{[%clk 0:01:33]} 38. Bc3 {[%clk 0:02:18]} Bxf1 {[%clk 0:01:16]} 39. Kxf1
{[%clk 0:02:17]} c5 {[%clk 0:00:37]} 40. Bxe5 {[%clk 0:01:28]} Rxa7
{[%clk 0:00:59]} 41. Rxa7 {[%clk 0:01:51]} dxe5 {[%clk 0:01:26]} 42. Re7
{[%clk 0:00:59]} c4 {[%clk 0:01:44]} 43. bxc4 {[%clk 0:01:23]} Rxc4
{[%clk 0:01:25]} 44. Rxe5 {[%clk 0:01:13]} b4 {[%clk 0:00:46]} 45. d6
{[%clk 0:01:24]} Rc1+ {[%clk 0:00:38]} 46. Ke2 {[%clk 0:01:45]} b3
{[%clk 0:00:37]} 47. d7 {[%clk 0:02:06]} b2 {[%clk 0:00:38]} 48. d8=Q+
{[%clk 0:02:32]} Kh7 {[%clk 0:01:04]} 49. Rb5 {[%clk 0:02:48]} b1=Q
{[%clk 0:01:19]} 50. Rxb1 {[%clk 0:03:12]} Rxb1 {[%clk 0:01:42]} 1-0

[Event "Glorney Gilbert International 2017 - Glorney"]
[Site "Daventry, England"]
[Date "2017.07.24"]
[Round "2.12"]
[White "Fowler, Hugo"]
[Black "Scallan, Fiachra"]
[Result "1/2-1/2"]
[BlackElo "1888"]
[WhiteElo "1739"]
[LiveChessVersion "1.4.6"]

1. e4 {[%clk 1:30:59]} e6 {[%clk 1:29:54]} 2. d4 {[%clk 1:30:57]} d5
{[%clk 1:30:14]} 3. e5 {[%clk 1:30:53]} c5 {[%clk 1:30:36]} 4. c3
{[%clk 1:30:56]} Nc6 {[%clk 1:30:56]} 5. Nf3 {[%clk 1:30:54]} Bd7
{[%clk 1:31:19]} 6. a3 {[%clk 1:30:22]} c4 {[%clk 1:31:23]} 7. Nbd2
{[%clk 1:28:42]} Na5 {[%clk 1:31:38]} 8. Be2 {[%clk 1:27:55]} Qb6
{[%clk 1:30:01]} 9. Nf1 {[%clk 1:25:09]} Nb3 {[%clk 1:28:26]} 10. Rb1
{[%clk 1:23:32]} Ba4 {[%clk 1:28:13]} 11. Ng3 {[%clk 1:22:15]} Qa5
{[%clk 1:27:58]} 12. O-O {[%clk 1:19:51]} Ne7 {[%clk 1:23:59]} 13. Be3
{[%clk 1:16:07]} h6 {[%clk 1:22:52]} 14. Ne1 {[%clk 1:12:27]} Nc6
{[%clk 1:22:27]} 15. Nc2 {[%clk 1:09:32]} O-O-O {[%clk 1:21:48]} 16. f4
{[%clk 1:08:03]} g6 {[%clk 1:21:55]} 17. Nh1 {[%clk 1:01:52]} h5 {[%clk 1:14:49]}
18. Nf2 {[%clk 0:59:28]} Ne7 {[%clk 1:13:51]} 19. Nh3 {[%clk 0:56:47]} Nf5
{[%clk 1:14:16]} 20. Bf2 {[%clk 0:54:06]} Be7 {[%clk 1:12:06]} 21. Ng5
{[%clk 0:44:04]} Bxg5 {[%clk 1:09:08]} 22. fxg5 {[%clk 0:38:03]} Qb6
{[%clk 1:06:00]} 23. g4 {[%clk 0:32:53]} hxg4 {[%clk 1:05:23]} 24. Bxg4
{[%clk 0:33:10]} Na5 {[%clk 1:03:59]} 25. Qe2 {[%clk 0:28:59]} Rh7
{[%clk 1:01:28]} 26. Ne3 {[%clk 0:25:46]} Rdh8 {[%clk 0:59:17]} 27. h3
{[%clk 0:25:17]} Qd8 {[%clk 0:56:36]} 28. Bxf5 {[%clk 0:23:42]} gxf5
{[%clk 0:56:48]} 29. h4 {[%clk 0:23:27]} Rxh4 {[%clk 0:55:04]} 30. Bxh4
{[%clk 0:22:54]} Rxh4 {[%clk 0:55:31]} 31. Qg2 {[%clk 0:19:30]} Rh5
{[%clk 0:53:58]} 32. Rf3 {[%clk 0:17:56]} Rxg5 {[%clk 0:51:33]} 1/2-1/2

[Event "Glorney Gilbert International 2017 - Glorney"]
[Site "Daventry, England"]
[Date "2017.07.24"]
[Round "2.13"]
[White "Nolan, Conor"]
[Black "Camp, Imogen A L"]
[Result "1-0"]
[BlackElo "1802"]
[WhiteElo "1849"]
[LiveChessVersion "1.4.6"]

1. d4 {[%clk 1:30:58]} d5 {[%clk 1:30:55]} 2. Nf3 {[%clk 1:31:24]} Nf6
{[%clk 1:31:20]} 3. c4 {[%clk 1:31:51]} e6 {[%clk 1:31:46]} 4. Nc3
{[%clk 1:32:17]} Be7 {[%clk 1:31:54]} 5. Bf4 {[%clk 1:32:37]} Nbd7
{[%clk 1:31:04]} 6. Nb5 {[%clk 1:33:01]} Bb4+ {[%clk 1:27:05]} 7. Nd2
{[%clk 1:33:30]} e5 {[%clk 1:02:08]} 8. dxe5 {[%clk 1:32:40]} Nh5
{[%clk 0:57:19]} 9. e3 {[%clk 1:32:34]} Nxf4 {[%clk 0:55:20]} 10. exf4
{[%clk 1:32:48]} a6 {[%clk 0:50:23]} 11. Nc3 {[%clk 1:30:54]} Nb6
{[%clk 0:46:01]} 12. Nxd5 {[%clk 1:30:07]} Nxd5 {[%clk 0:40:59]} 13. cxd5
{[%clk 1:30:35]} b5 {[%clk 0:40:28]} 14. a3 {[%clk 1:30:47]} Ba5 {[%clk 0:39:11]}
15. b4 {[%clk 1:31:11]} Bb6 {[%clk 0:39:39]} 16. Nf3 {[%clk 1:31:33]} Bb7
{[%clk 0:38:09]} 17. a4 {[%clk 1:26:29]} bxa4 {[%clk 0:29:47]} 18. Qxa4+
{[%clk 1:22:52]} Ke7 {[%clk 0:26:33]} 19. Bc4 {[%clk 1:23:01]} Bxd5
{[%clk 0:22:44]} 20. Rd1 {[%clk 1:21:13]} c6 {[%clk 0:22:59]} 21. Bxd5
{[%clk 1:21:04]} cxd5 {[%clk 0:23:21]} 22. Qb3 {[%clk 1:21:21]} Qc7
{[%clk 0:21:06]} 23. O-O {[%clk 1:11:51]} Qc4 {[%clk 0:20:07]} 24. Qxc4
{[%clk 1:09:00]} dxc4 {[%clk 0:20:33]} 25. Rc1 {[%clk 1:08:08]} Rac8
{[%clk 0:18:48]} 26. Rc3 {[%clk 1:06:48]} a5 {[%clk 0:14:58]} 27. Rfc1
{[%clk 1:07:08]} Rhd8 {[%clk 0:15:02]} 28. g3 {[%clk 1:07:13]} axb4
{[%clk 0:14:44]} 29. Rxc4 {[%clk 1:07:41]} Rxc4 {[%clk 0:14:06]} 30. Rxc4
{[%clk 1:08:09]} Ba5 {[%clk 0:13:28]} 31. Nd4 {[%clk 1:07:48]} Rxd4
{[%clk 0:11:39]} 32. Rxd4 {[%clk 1:08:03]} b3 {[%clk 0:12:07]} 33. Rd3
{[%clk 1:07:23]} b2 {[%clk 0:12:24]} 34. Rb3 {[%clk 1:07:36]} Bc3
{[%clk 0:12:49]} 35. Kf1 {[%clk 1:08:04]} Ke6 {[%clk 0:12:39]} 36. Ke2
{[%clk 1:08:30]} Bd4 {[%clk 0:11:59]} 37. Kd3 {[%clk 1:08:49]} Bxf2
{[%clk 0:12:12]} 38. Rxb2 {[%clk 1:09:16]} Bg1 {[%clk 0:12:37]} 39. Ke4
{[%clk 1:09:19]} g6 {[%clk 0:12:38]} 40. g4 {[%clk 1:09:07]} f5+ {[%clk 0:11:18]}
41. gxf5+ {[%clk 1:09:16]} gxf5+ {[%clk 0:11:42]} 42. Kf3 {[%clk 1:09:39]} h5
{[%clk 0:11:14]} 43. Rg2 {[%clk 1:09:53]} Bd4 {[%clk 0:11:30]} 44. Rg6+
{[%clk 1:10:05]} Kf7 {[%clk 0:11:54]} 45. Rf6+ {[%clk 1:10:27]} Kg7
{[%clk 0:12:12]} 46. Rxf5 1-0

[Event "Glorney Gilbert International 2017 - Glorney"]
[Site "Daventry, England"]
[Date "2017.07.24"]
[Round "2.14"]
[White "Lutchman-Singh, Karanvir"]
[Black "Peoples, Jonathon"]
[Result "1-0"]
[BlackElo "1791"]
[WhiteElo "1603"]
[LiveChessVersion "1.4.6"]

1. e4 c5 2. c3 d5 3. exd5 Qxd5 4. d4 Nf6 5. Nf3 Bg4 6. Be2 e6 7. Be3 cxd4 8. cxd4
Bb4+ 9. Nbd2 O-O 10. O-O Nc6 11. Rc1 Rfd8 12. a3 Bxd2 13. Qxd2 Ne4 14. Qd3 e5 15.
Rfd1 Nxf2 16. Bxf2 e4 17. Qe3 exf3 18. Bxf3 Bxf3 19. Qxf3 Qxf3 20. gxf3 Rd5 21.
b4 Rad8 22. Rc5 h6 23. Rxd5 Rxd5 24. Kf1 Kh7 25. Rc1 Nxd4 26. Rd1 Rf5 27. Rxd4
Rxf3 28. a4 Ra3 29. b5 Kg6 30. Rb4 Kf5 31. Bxa7 g5 32. Bb6 Ra1+ 33. Kg2 Ra2+ 34.
Bf2 h5 35. Rc4 g4 36. Kf1 Kg5 37. Be1 Rxh2 38. Kg1 Re2 39. Kf1 Rh2 40. a5 Rh1+
41. Ke2 Rh2+ 42. Kd1 h4 43. a6 bxa6 44. b6 Rb2 45. Rb4 Rxb4 46. Bxb4 a5 47. Bd2+
Kf6 48. b7 g3 49. b8=Q g2 50. Qh2 h3 51. Bxa5 1-0

[Event "Glorney Gilbert International 2017 - Glorney"]
[Site "Daventry, England"]
[Date "2017.07.24"]
[Round "2.15"]
[White "Nolan, Dermot"]
[Black "Petkov, Petko (wls)"]
[Result "1/2-1/2"]
[BlackElo "1569"]
[WhiteElo "1655"]
[LiveChessVersion "1.4.6"]

1. e4 {[%clk 1:30:58]} e6 {[%clk 1:30:56]} 2. d4 {[%clk 1:31:25]} d5
{[%clk 1:31:19]} 3. Nc3 {[%clk 1:31:51]} Nf6 {[%clk 1:31:44]} 4. e5
{[%clk 1:32:18]} Nfd7 {[%clk 1:32:09]} 5. f4 {[%clk 1:32:39]} c5 {[%clk 1:32:31]}
6. Nf3 {[%clk 1:33:05]} Nc6 {[%clk 1:32:51]} 7. Be3 {[%clk 1:33:13]} Be7
{[%clk 1:33:09]} 8. Bd3 {[%clk 1:29:16]} O-O {[%clk 1:29:55]} 9. O-O
{[%clk 1:28:44]} cxd4 {[%clk 1:17:57]} 10. Nxd4 {[%clk 1:24:29]} Nxd4
{[%clk 1:10:53]} 11. Bxd4 {[%clk 1:24:37]} Bc5 {[%clk 1:09:34]} 12. Bxc5
{[%clk 1:07:25]} Nxc5 {[%clk 1:09:26]} 13. Kh1 {[%clk 0:53:54]} Nxd3
{[%clk 1:09:29]} 14. Qxd3 {[%clk 0:54:12]} Bd7 {[%clk 1:03:58]} 15. Rfd1
{[%clk 0:47:00]} Qc7 {[%clk 1:02:49]} 16. Ne2 {[%clk 0:45:59]} Rac8
{[%clk 0:59:02]} 17. Nd4 {[%clk 0:45:33]} f6 {[%clk 0:48:55]} 18. Qe3
{[%clk 0:38:19]} fxe5 {[%clk 0:48:54]} 19. Qxe5 {[%clk 0:36:22]} Qxe5
{[%clk 0:49:15]} 20. fxe5 {[%clk 0:36:49]} Rf4 {[%clk 0:49:09]} 21. c3
{[%clk 0:32:52]} Rcf8 {[%clk 0:44:09]} 22. Nf3 {[%clk 0:30:08]} h6
{[%clk 0:37:47]} 23. Kg1 {[%clk 0:28:20]} Be8 {[%clk 0:33:11]} 24. Rd4
{[%clk 0:27:14]} R4f5 {[%clk 0:22:47]} 25. Rf1 {[%clk 0:19:35]} Bh5
{[%clk 0:21:55]} 26. Rd3 {[%clk 0:19:38]} g5 {[%clk 0:18:06]} 27. Re3
{[%clk 0:16:21]} Kg7 {[%clk 0:13:24]} 28. Nd2 {[%clk 0:15:57]} Rxf1+
{[%clk 0:12:34]} 29. Nxf1 {[%clk 0:16:20]} Rf4 {[%clk 0:09:15]} 30. Nd2
{[%clk 0:14:22]} Bg6 {[%clk 0:05:15]} 31. Nf3 {[%clk 0:12:50]} Re4
{[%clk 0:04:27]} 32. Kf2 {[%clk 0:11:31]} Rxe3 {[%clk 0:04:14]} 33. Kxe3
{[%clk 0:11:55]} Be4 {[%clk 0:03:35]} 34. g4 {[%clk 0:05:24]} Bxf3
{[%clk 0:03:52]} 35. Kxf3 {[%clk 0:05:50]} Kf7 {[%clk 0:03:40]} 36. Ke3
{[%clk 0:05:43]} 1/2-1/2